000 00396nam a2200145Ia 4500
005 20251222175937.0
008 251222s9999||||xx |||||||||||||| ||spa||
020 _a9786123028787
082 _a001.4/V25
100 _aValderrama Mendoza, Santiago
245 0 _aPasos para Elaborar Proyectos de Investigación Científica
250 _a2a. ed.
264 _bEditorial San Marcos
942 _cLIB
999 _c41258
_d41258